Every member of Shed Theory - Statistics

General Stats
  • This quiz has been taken 15 times
  • The average score is 8 of 11
Answer Stats
Hint Answer % Correct
Peter Griffen Joeyy
100%
From the valley Laker
100%
Shed Mastor Marlon Dubois
100%
likes oysters Ricky Chix
80%
Two names Woody
80%
wants to get his cloths as white as his teeth are Aceii
60%
crazy Dugan
60%
xbox 360 Facy
60%
femenin Henry Mosto
60%
looks like other member Milk reset
60%
bald Oghu
40%
No matching quizzes found
Score Distribution
Percent of People with Each Score
Percentile by Number Answered
Your Score History
You have not taken this quiz